000 01152nam a2200349 a 4500
001 00004428
003 DO-SdBPM
005 20260317095010.0
007 ta
008 140612s2007 ag a 000 0 spa d
020 _a9789870406761
040 _aDO-SdBPM
_bspa
_cBPMSU
_erda
082 0 4 _aA863.44
_bG188a
_222
100 1 _aGambaro, Griselda
_d1928-
_eautora
_4aut.
245 1 0 _aA nadar con María Inés /
_cGriselda Gambaro ; ilustración Roberto Cubillas.
260 _c
_g
264 _aBuenos Aires , Argentina :
_bEdiciones Algaguara,
_c2007
300 _a92 páginas :
_bilustraciones ;
_c20 cm.
336 _atexto
_btxt
_2rdacotent
337 _asin mediación
_bn
_2rdamedia
338 _avolumen
_bnc
_2rdacarrier
490 0 _aAlfaguara infantil
500 _aIncluye datos biográficos de la autora
500 _aDesde 10 años.
590 _aInventariado, 2026/VM
650 7 _aNovelas juveniles argentinas
650 7 _aNovela juvenil de aventuras
650 7 _aLiteratura juvenil argentina
700 1 _aCubillas, Roberto,
_eilustración
910 _aVMateo V. Control de calidad. BPMSU
942 _2ddc
_cBK
999 _c11823
_d11823